Normal view
MARC view
Entry Uniform Title
001 - CONTROL NUMBER
- control field: 17438
003 - CONTROL NUMBER IDENTIFIER
- control field: dpl
005 - DATE AND TIME OF LATEST TRANSACTION
- control field: 20100830120118.0
008 - FIXED-LENGTH DATA ELEMENTS
- fixed length control field: 100830|||a|||||| | ||| d
040 ## - CATALOGING SOURCE
- Original cataloging agency: dpl
- Transcribing agency: dpl
130 ## - HEADING--UNIFORM TITLE
- Uniform title: CFM-TMH professional series in finance
670 ## - SOURCE DATA FOUND
- Source citation: Work cat.: (dpl)36231: Balasubramanian,N. 17437, Corporate governance and stewardship :, 2010
670 ## - SOURCE DATA FOUND
- Source citation: Work cat.: (dpl)36231: Balasubramanian,N. 17437, Corporate governance and stewardship :, 2010
